[Event "TUR-chT"]
[Site "Konya"]
[Date "2012.07.14"]
[Round "4"]
[White "Ozkan, Ervin"]
[Black "Demirel, Tolga"]
[Result "1/2-1/2"]
[WhiteElo "2227"]
[BlackElo "2169"]
[PlyCount "100"]
[EventDate "2012.07.11"]
[EventType "team-tourn"]
[EventRounds "13"]
[EventCountry "TUR"]
[SourceTitle "CBM 149 Extra"]
[Source "ChessBase"]
[SourceDate "2012.08.24"]
[SourceVersion "1"]
[SourceVersionDate "2012.08.24"]
[SourceQuality "1"]
[WhiteTeam "Ceyhan Belediye"]
[BlackTeam "Istanbul Aquamatch"]
[WhiteTeamCountry "TUR"]
[BlackTeamCountry "TUR"]

1. d4 Nf6 2. Bf4 e6 3. e3 c5 4. c3 Nc6 5. Nd2 d5 6. Bd3 Bd6 7. Bxd6 Qxd6 8. f4 Bd7 9. a3 0-0-0 10. Ngf3 Kb8 11. Qe2 cxd4 12. cxd4 Rc8 13. 0-0 Rhd8 14. b4 Be8 15. Rac1 Nd7 16. Nb3 f6 17. Nc5 Bg6 18. Bxg6 hxg6 19. Qb5 Nxc5 20. Rxc5 Ne7 21. Rfc1 Rc6 22. Rxc6 Nxc6 23. Qd3 Ne7 24. h3 Rc8 25. Rxc8+ Kxc8 26. Nh4 Qa6 27. b5 Qa5 28. Kf2 Nf5 29. Nxf5 gxf5 30. g4 fxg4 31. hxg4 Kd7 32. f5 Qb6 33. fxe6+ Qxe6 34. Qg6 Qe7 35. a4 Kc7 36. a5 Qd7 37. Qc2+ Kd8 38. Qc5 Qxg4 39. Qxd5+ Qd7 40. Qc5 Ke8 41. b6 axb6 42. axb6 Kf7 43. e4 g5 44. Qc4+ Qe6 45. Qc7+ Kg6 46. Qxb7 Qa2+ 47. Ke3 Qb3+ 48. Kd2 Qb2+ 49. Kd3 Qb3+ 50. Kd2 Qb2+ 1/2-1/2

[Event "EU-Cup 27th"]
[Site "Rogaska Slatina"]
[Date "2011.09.29"]
[Round "5"]
[White "Demirel, Tolga"]
[Black "Getz, Nicolai"]
[Result "0-1"]
[WhiteElo "2143"]
[BlackElo "2391"]
[PlyCount "82"]
[EventDate "2011.09.25"]
[EventType "team-swiss"]
[EventRounds "7"]
[EventCountry "SLO"]
[SourceTitle "CBM 145"]
[Source "ChessBase"]
[SourceDate "2011.11.11"]
[SourceVersion "1"]
[SourceVersionDate "2011.11.11"]
[SourceQuality "1"]
[WhiteTeam "Isek Aquamatch"]
[BlackTeam "Oslo Schakselskap"]
[WhiteTeamCountry "TUR"]
[BlackTeamCountry "NOR"]

1. d4 Nf6 2. c4 e6 3. g3 d5 4. Bg2 dxc4 5. Qa4+ Nc6 6. Nf3 Bd7 7. Qxc4 Na5 8. Qc2 Rc8 9. Ne5 c5 10. Nxd7 Qxd7 11. dxc5 Bxc5 12. Nc3 Nd5 13. Bxd5 exd5 14. 0-0 0-0 15. Qd3 d4 16. Ne4 Be7 17. Rd1 Nc6 18. Bg5 Rfe8 19. Rac1 Qd5 20. Qf3 Rcd8 21. h4 Bxg5 22. Nxg5 h6 23. Qxd5 Rxd5 24. Nh3 Ra5 25. a3 Rxe2 26. b4 Rf5 27. Nf4 Ra2 28. Ra1 Rxa1 29. Rxa1 g5 30. hxg5 hxg5 31. Nd3 Ne5 32. Rd1 Nxd3 33. Rxd3 Rd5 34. g4 Kg7 35. Kg2 Kf6 36. Kf3 Ke5 37. Ke2 Ke4 38. Kd2 Kf4 39. Rg3 d3 40. Rg1 Rd7 41. Rg3 a6 0-1

[Event "TUR-chT"]
[Site "Konya"]
[Date "2011.07.04"]
[Round "7"]
[White "Demirel, Tolga"]
[Black "Sirin, Atakan"]
[Result "0-1"]
[WhiteElo "2148"]
[BlackElo "2230"]
[PlyCount "74"]
[EventDate "2011.06.28"]
[EventType "team-swiss"]
[EventRounds "13"]
[EventCountry "TUR"]
[SourceTitle "CBM 143 Extra"]
[Source "ChessBase"]
[SourceDate "2011.08.29"]
[SourceVersion "1"]
[SourceVersionDate "2011.08.29"]
[SourceQuality "1"]
[WhiteTeam "Isek Aquamatch"]
[BlackTeam "Manisa Doruk Koleji"]
[WhiteTeamCountry "TUR"]
[BlackTeamCountry "TUR"]

1. c4 e6 2. Nf3 Nf6 3. g3 d5 4. Bg2 dxc4 5. Na3 Qd5 6. Qa4+ c6 7. Nh4 Qh5 8. Bf3 Qc5 9. Ng2 b5 10. Qc2 Na6 11. d4 Qb6 12. 0-0 Nb4 13. Qd1 Bb7 14. Nb1 Rd8 15. a3 Rxd4 16. Bd2 Na6 17. Qc2 Rd7 18. Nc3 Nd5 19. b4 cxb3 20. Qxb3 Be7 21. e4 Nc5 22. Qc2 Nxc3 23. Bxc3 0-0 24. Nf4 Na4 25. Bg4 c5 26. Nh5 Nxc3 27. Qxc3 Rd4 28. Bf3 e5 29. g4 Rfd8 30. Rad1 g6 31. Ng3 c4 32. Be2 a5 33. Kg2 b4 34. axb4 axb4 35. Qc1 c3 36. Qh6 Qf6 37. h4 Qf4 0-1

[Event "TUR-chT"]
[Site "Konya"]
[Date "2011.07.02"]
[Round "5"]
[White "Demirel, Tolga"]
[Black "Kinsiz, Onur"]
[Result "1/2-1/2"]
[WhiteElo "2148"]
[BlackElo "2184"]
[PlyCount "159"]
[EventDate "2011.06.28"]
[EventType "team-swiss"]
[EventRounds "13"]
[EventCountry "TUR"]
[SourceTitle "CBM 143 Extra"]
[Source "ChessBase"]
[SourceDate "2011.08.29"]
[SourceVersion "1"]
[SourceVersionDate "2011.08.29"]
[SourceQuality "1"]
[WhiteTeam "Isek Aquamatch"]
[BlackTeam "Istanbul Teknik Uni"]
[WhiteTeamCountry "TUR"]
[BlackTeamCountry "TUR"]

1. d4 Nf6 2. c4 e6 3. Nf3 Bb4+ 4. Nbd2 b6 5. g3 Bb7 6. Bg2 0-0 7. 0-0 Bxd2 8. Bxd2 d6 9. b4 Nbd7 10. Qb3 Qe7 11. a4 c5 12. a5 Rfc8 13. axb6 axb6 14. bxc5 dxc5 15. dxc5 Qxc5 16. Rxa8 Rxa8 17. Be3 Ra3 18. Qc2 Qa5 19. Rc1 h6 20. h3 Be4 21. Qd2 Qxd2 22. Nxd2 Bxg2 23. Kxg2 Nc5 24. Rb1 Nfd7 25. Bxc5 bxc5 26. Rb7 Ne5 27. Rc7 Ra5 28. f4 Nd3 29. Kf3 Nb2 30. Kf2 g6 31. Nb3 Ra4 32. Nd2 Nxc4 33. Ne4 Nb6 34. Nd6 Nd5 35. Rxc5 Ra8 36. e4 Ra2+ 37. Kf3 Ra3+ 38. Ke2 Ra2+ 39. Kd3 Nf6 40. Rc8+ Kg7 41. Rc7 Ra3+ 42. Kc4 Nh5 43. g4 Ng3 44. Nxf7 Kf8 45. Kd4 Ra4+ 46. Ke5 Rxe4+ 47. Kf6 Rxf4+ 48. Kxg6 Ne4 49. Nxh6 Rf6+ 50. Kh5 Ng3+ 51. Kh4 Ne4 52. g5 Rg6 53. Nf7 Rg7 54. Nd8 Rg6 55. Kg4 Nxg5 56. Kh5 Rg8 57. h4 Ne4 58. Nxe6+ Ke8 59. Ng7+ Kd8 60. Ra7 Rh8+ 61. Kg4 Nf2+ 62. Kg3 Ne4+ 63. Kg4 Nf2+ 64. Kf3 Rxh4 65. Kxf2 Rh3 66. Nf5 Rb3 67. Ne3 Rb2+ 68. Kf3 Rb4 69. Nd5 Rd4 70. Nf6 Rb4 71. Ne4 Rc4 72. Ng5 Kc8 73. Ne6 Kb8 74. Re7 Kc8 75. Ke3 Ra4 76. Nd4 Rc4 77. Nb5 Kd8 78. Rh7 Rb4 79. Nd4 Kc8 80. Ke4 1/2-1/2

[Event "TUR-ch op"]
[Site "Antalya"]
[Date "2008.02.10"]
[Round "11.18"]
[White "Kecili, Mustafa Firat"]
[Black "Demirel, Tolga"]
[Result "1-0"]
[WhiteElo "1951"]
[BlackElo "2208"]
[PlyCount "41"]
[EventDate "2008.02.04"]
[EventType "swiss"]
[EventRounds "11"]
[EventCountry "TUR"]
[SourceTitle "CBM 122 Extra"]
[Source "ChessBase"]
[SourceDate "2008.03.04"]
[SourceVersion "1"]
[SourceVersionDate "2008.03.04"]
[SourceQuality "1"]

1. a3 d5 2. Nf3 c5 3. g3 Nc6 4. Bg2 e5 5. d3 Bg4 6. 0-0 Qd7 7. Nbd2 f6 8. Rb1 Bh3 9. e4 d4 10. Nxe5 fxe5 11. Qh5+ g6 12. Qxh3 b5 13. Nf3 Qxh3 14. Bxh3 Ke7 15. Ng5 h6 16. Ne6 Kd6 17. f4 Nge7 18. fxe5+ Nxe5 19. Rf6 Nd7 20. Bf4+ Kc6 21. Nd8# 1-0

[Event "TUR-ch op"]
[Site "Antalya"]
[Date "2008.02.09"]
[Round "10.11"]
[White "Demirel, Tolga"]
[Black "Erencek, Ediz Ali"]
[Result "0-1"]
[WhiteElo "2208"]
[BlackElo "2033"]
[PlyCount "72"]
[EventDate "2008.02.04"]
[EventType "swiss"]
[EventRounds "11"]
[EventCountry "TUR"]
[SourceTitle "CBM 122 Extra"]
[Source "ChessBase"]
[SourceDate "2008.03.04"]
[SourceVersion "1"]
[SourceVersionDate "2008.03.04"]
[SourceQuality "1"]

1. d4 d5 2. c4 e6 3. Nf3 Nf6 4. Nc3 Be7 5. Bg5 h6 6. Bh4 0-0 7. e3 b6 8. Qc2 c5 9. 0-0-0 Bb7 10. Bxf6 Bxf6 11. cxd5 exd5 12. h4 cxd4 13. exd4 h5 14. Bd3 Nc6 15. Bh7+ Kh8 16. Qf5 g6 17. Bxg6 fxg6 18. Qxg6 Ne7 19. Qh6+ Kg8 20. Ng5 Bxg5+ 21. Qxg5+ Kh7 22. Qxh5+ Kg7 23. Rh3 Ng6 24. Rg3 Qf6 25. Rdd3 Rh8 26. Rxg6+ Qxg6 27. Qe5+ Kh7 28. Rg3 Qh6+ 29. Kd1 Rhg8 30. Qf5+ Kh8 31. Qe5+ Rg7 32. Rg5 Kg8 33. Qe7 Rf8 34. f3 Qf6 35. Nxd5 Qxd4+ 36. Kc2 Bxd5 0-1

[Event "TUR-ch op"]
[Site "Antalya"]
[Date "2008.02.04"]
[Round "1.15"]
[White "Demirel, Tolga"]
[Black "Kulaber, Fatih"]
[Result "1-0"]
[WhiteElo "2208"]
[BlackElo "1748"]
[PlyCount "61"]
[EventDate "2008.02.04"]
[EventType "swiss"]
[EventRounds "11"]
[EventCountry "TUR"]
[SourceTitle "CBM 122 Extra"]
[Source "ChessBase"]
[SourceDate "2008.03.04"]
[SourceVersion "1"]
[SourceVersionDate "2008.03.04"]
[SourceQuality "1"]

1. Nf3 d5 2. g3 Nf6 3. Bg2 g6 4. 0-0 Bg7 5. d3 0-0 6. c3 Bg4 7. h3 Bxf3 8. Bxf3 Nbd7 9. Nd2 c6 10. Re1 Qc7 11. Bg2 Rad8 12. Qc2 Nh5 13. e4 Nb6 14. Nf1 e5 15. a4 a6 16. a5 Nc8 17. exd5 cxd5 18. Ne3 Ne7 19. Qb3 Nf6 20. Ra4 Nd7 21. Nxd5 Nxd5 22. Qxd5 Nc5 23. Qc4 Rd7 24. Ra2 b5 25. axb6 Qxb6 26. Be3 Rc8 27. b4 Bf8 28. bxc5 Bxc5 29. d4 exd4 30. cxd4 Qb4 31. Rc1 1-0

[Event "TUR-ch"]
[Site "Ankara"]
[Date "2007.03.12"]
[Round "12"]
[White "Demirel, Tolga"]
[Black "Atakisi, Umut"]
[Result "0-1"]
[WhiteElo "2203"]
[BlackElo "2384"]
[PlyCount "100"]
[EventDate "2007.03.01"]
[EventType "tourn"]
[EventRounds "13"]
[EventCountry "TUR"]
[EventCategory "3"]
[SourceTitle "CBM 117 Extra"]
[Source "ChessBase"]
[SourceDate "2007.05.09"]
[SourceVersion "1"]
[SourceVersionDate "2007.05.09"]
[SourceQuality "1"]

1. e4 c5 2. Nf3 Nc6 3. d4 cxd4 4. Nxd4 Nf6 5. Nc3 e5 6. Ndb5 d6 7. Bg5 a6 8. Na3 b5 9. Bxf6 gxf6 10. Nab1 Bg7 11. g3 Be6 12. Bg2 Rc8 13. Nd5 Bxd5 14. exd5 Ne7 15. 0-0 f5 16. c3 h5 17. h4 e4 18. a4 Be5 19. axb5 axb5 20. f4 exf3 21. Rxf3 Rg8 22. Qe1 Rc4 23. Nd2 Rcg4 24. Nf1 f4 25. Qe2 Qb8 26. Nh2 R4g7 27. Nf1 Kf8 28. Qe4 Ng6 29. Bh3 Nxh4 30. Rxf4 Rxg3+ 31. Nxg3 Rxg3+ 32. Kf2 Bxf4 33. Qxf4 Rf3+ 34. Qxf3 Nxf3 35. Kxf3 Qb7 36. Rd1 Qe7 37. Bg2 Qe5 38. Kf2 Qf4+ 39. Kg1 Qe3+ 40. Kh2 Qe2 41. Rf1 Qxb2 42. Rf3 Qd2 43. Rh3 Qf4+ 44. Kg1 h4 45. Rf3 Qg5 46. Rh3 Ke7 47. Rf3 f6 48. Kh2 Kd8 49. Rh3 Kc7 50. Rf3 Qxd5 0-1

[Event "TUR-ch"]
[Site "Ankara"]
[Date "2007.03.07"]
[Round "7"]
[White "Atalik, Suat"]
[Black "Demirel, Tolga"]
[Result "1-0"]
[WhiteElo "2586"]
[BlackElo "2203"]
[PlyCount "55"]
[EventDate "2007.03.01"]
[EventType "tourn"]
[EventRounds "13"]
[EventCountry "TUR"]
[EventCategory "3"]
[SourceTitle "CBM 117 Extra"]
[Source "ChessBase"]
[SourceDate "2007.05.09"]
[SourceVersion "1"]
[SourceVersionDate "2007.05.09"]
[SourceQuality "1"]

1. d4 d5 2. c4 dxc4 3. Nf3 Nf6 4. e3 e6 5. Bxc4 a6 6. Qe2 c5 7. dxc5 Bxc5 8. 0-0 0-0 9. e4 Nc6 10. e5 Nd7 11. Bd3 g6 12. Bh6 Re8 13. Nbd2 Nd4 14. Nxd4 Bxd4 15. Nf3 Bc5 16. Rfd1 Bf8 17. Bxf8 Kxf8 18. Be4 Qe7 19. Qe3 Kg7 20. Rac1 a5 21. Rc7 Rb8 22. Rd6 Qd8 23. Qc3 Re7 24. h4 Qe8 25. Qxa5 h6 26. Qa7 Qd8 27. Rc2 Kh8 28. Qxb8 1-0

[Event "TUR-ch"]
[Site "Ankara"]
[Date "2007.03.06"]
[Round "6"]
[White "Demirel, Tolga"]
[Black "Tanrikulu, Erhan"]
[Result "1-0"]
[WhiteElo "2203"]
[BlackElo "2131"]
[PlyCount "57"]
[EventDate "2007.03.01"]
[EventType "tourn"]
[EventRounds "13"]
[EventCountry "TUR"]
[EventCategory "3"]
[SourceTitle "CBM 117 Extra"]
[Source "ChessBase"]
[SourceDate "2007.05.09"]
[SourceVersion "1"]
[SourceVersionDate "2007.05.09"]
[SourceQuality "1"]

1. e4 e5 2. Nf3 Nc6 3. Nc3 Nf6 4. Bb5 Bb4 5. 0-0 0-0 6. Bxc6 dxc6 7. d3 Qe7 8. h3 h6 9. Ne2 Bc5 10. g4 h5 11. g5 Nh7 12. Kh2 f6 13. g6 Ng5 14. Neg1 Nxh3 15. Nxh3 Bg4 16. Rg1 Qe6 17. Rxg4 hxg4 18. Nh4 gxh3 19. Qh5 Rfd8 20. Nf5 Rd7 21. Kg3 Kf8 22. Bd2 Rad8 23. Rh1 Qg8 24. Rxh3 Ke8 25. Qh8 Qxh8 26. Rxh8+ Bf8 27. Bb4 Rd6 28. Bxd6 cxd6 29. Nxg7+ 1-0

[Event "TUR-ch"]
[Site "Ankara"]
[Date "2007.03.05"]
[Round "5"]
[White "Bayram, Yakup"]
[Black "Demirel, Tolga"]
[Result "1-0"]
[WhiteElo "2285"]
[BlackElo "2203"]
[PlyCount "125"]
[EventDate "2007.03.01"]
[EventType "tourn"]
[EventRounds "13"]
[EventCountry "TUR"]
[EventCategory "3"]
[SourceTitle "CBM 117 Extra"]
[Source "ChessBase"]
[SourceDate "2007.05.09"]
[SourceVersion "1"]
[SourceVersionDate "2007.05.09"]
[SourceQuality "1"]

1. d4 d5 2. c4 e5 3. dxe5 d4 4. Nf3 Nc6 5. g3 Nge7 6. Bg2 Ng6 7. 0-0 Be7 8. Nbd2 Ngxe5 9. Nxe5 Nxe5 10. Nf3 Nxf3+ 11. Bxf3 0-0 12. Qb3 c6 13. Rd1 a5 14. e3 a4 15. Qc2 c5 16. b4 axb3 17. Qxb3 Bf6 18. exd4 cxd4 19. Bb2 Qd6 20. a4 Rd8 21. a5 Ra6 22. Bd5 Qc7 23. Bxd4 Bxd4 24. Rxd4 Rxa5 25. Re1 Ra6 26. Bxb7 Rad6 27. Bd5 Be6 28. Rde4 Bd7 29. Re7 Rf6 30. Qe3 h6 31. c5 Qc8 32. Rc1 Bc6 33. Bxc6 Qxc6 34. Qe4 g6 35. Qxc6 Rxc6 36. Re2 Rd5 37. Rec2 h5 38. h4 g5 39. hxg5 Rxg5 40. Rc4 h4 41. g4 f5 42. f3 Kf7 43. Kh2 fxg4 44. fxg4 Rg8 45. Kh3 Rh8 46. Re1 Kf6 47. Rf4+ Kg6 48. Rf5 Rhc8 49. Ree5 Ra6 50. Kxh4 Ra1 51. Re6+ Kg7 52. Kg5 Rc1 53. Re7+ Kg8 54. Ree5 Rc6 55. Kf4 Rc4+ 56. Kf3 Rc3+ 57. Ke4 Rc4+ 58. Kd3 Rxg4 59. Rg5+ Rxg5 60. Rxg5+ Kf7 61. Rd5 Ke6 62. Kc4 Rc7 63. Rd1 1-0

[Event "TUR-ch"]
[Site "Ankara"]
[Date "2007.03.02"]
[Round "2"]
[White "Can, Emre"]
[Black "Demirel, Tolga"]
[Result "1-0"]
[WhiteElo "2409"]
[BlackElo "2203"]
[PlyCount "65"]
[EventDate "2007.03.01"]
[EventType "tourn"]
[EventRounds "13"]
[EventCountry "TUR"]
[EventCategory "3"]
[SourceTitle "CBM 117 Extra"]
[Source "ChessBase"]
[SourceDate "2007.05.09"]
[SourceVersion "1"]
[SourceVersionDate "2007.05.09"]
[SourceQuality "1"]

1. e4 c5 2. c3 Nf6 3. e5 Nd5 4. d4 cxd4 5. Nf3 e6 6. cxd4 d6 7. Bc4 Nb6 8. Bd3 dxe5 9. dxe5 Na6 10. Qe2 Nc5 11. Bc2 Bd7 12. 0-0 Nd5 13. Nc3 Nxc3 14. bxc3 Be7 15. Rd1 Qa5 16. Bg5 h6 17. Bxe7 Kxe7 18. Qe3 Rhd8 19. Nd2 Qc7 20. Nc4 b6 21. Nd6 Bc6 22. Rd4 Rd7 23. Rad1 Rf8 24. Qg3 g5 25. Qh3 Rh8 26. f4 Qb8 27. f5 Qf8 28. Bb3 Qg8 29. Qh5 Rh7 30. Bc2 Rh8 31. f6+ Kf8 32. Nc8 Ke8 33. Ne7 1-0

[Event "Calvia U2300 opB"]
[Site "Mallorca"]
[Date "2004.10.27"]
[Round "7"]
[White "Demirel, Tolga"]
[Black "Lacrosse, Marc"]
[Result "1-0"]
[WhiteElo "2226"]
[BlackElo "2264"]
[PlyCount "49"]
[EventDate "2004.10.22"]
[EventType "swiss"]
[EventRounds "9"]
[EventCountry "ESP"]
[SourceTitle "EXT 2005"]
[Source "ChessBase"]
[SourceDate "2004.11.15"]
[SourceVersion "1"]
[SourceVersionDate "2004.11.15"]
[SourceQuality "1"]

1. d4 d5 2. c4 e6 3. Nc3 Nf6 4. cxd5 exd5 5. Bg5 c6 6. e3 Nbd7 7. Qc2 Be7 8. Bd3 0-0 9. Nf3 Re8 10. 0-0 Nf8 11. Bxf6 Bxf6 12. b4 Bg4 13. Nd2 Be7 14. Rab1 Bd6 15. Bf5 Bh5 16. Rfc1 g6 17. Bd3 Qh4 18. g3 Qf6 19. b5 Ne6 20. bxc6 bxc6 21. Bf1 Ng5 22. h4 Nf3+ 23. Nxf3 Bxf3 24. Bg2 g5 25. hxg5 1-0

[Event "Calvia U2300 opB"]
[Site "Mallorca"]
[Date "2004.10.23"]
[Round "3"]
[White "Sebe Vodislav, Florian George"]
[Black "Demirel, Tolga"]
[Result "1/2-1/2"]
[WhiteElo "2278"]
[BlackElo "2226"]
[PlyCount "106"]
[EventDate "2004.10.22"]
[EventType "swiss"]
[EventRounds "9"]
[EventCountry "ESP"]
[SourceTitle "EXT 2005"]
[Source "ChessBase"]
[SourceDate "2004.11.15"]
[SourceVersion "1"]
[SourceVersionDate "2004.11.15"]
[SourceQuality "1"]

1. Nf3 d5 2. b3 Nf6 3. Bb2 e6 4. e3 b6 5. Be2 Bb7 6. 0-0 g6 7. d4 Nbd7 8. Nbd2 Bg7 9. c4 0-0 10. Rc1 dxc4 11. Nxc4 Ne4 12. Qc2 Qe7 13. Ba3 c5 14. Bd3 Ng5 15. Nxg5 Qxg5 16. Be4 Bxe4 17. Qxe4 Rfd8 18. dxc5 Nxc5 19. Bxc5 Qxc5 20. Rcd1 Rd5 21. Qf3 Rad8 22. a4 Qb4 23. e4 Rd4 24. Rxd4 Rxd4 25. Rd1 Qc3 26. Ne3 Qxb3 27. Rc1 Rxa4 28. e5 h5 29. Rc8+ Bf8 30. h3 Qb1+ 31. Kh2 Qe4 32. Qf6 Qf4+ 33. g3 Qxf6 34. exf6 b5 35. Rb8 b4 36. Kg2 Ra6 37. Nc4 e5 38. Nxe5 Rb6 39. Rd8 Rxf6 40. Nd7 Rd6 41. Rxf8+ Kg7 42. Rb8 Rxd7 43. Rxb4 a5 44. Ra4 Rd5 45. Rf4 Rf5 46. Rc4 Kf6 47. Rc6+ Ke7 48. Ra6 Rd5 49. Ra7+ Ke6 50. Kf3 g5 51. Ra6+ Ke5 52. Ke3 Rb5 53. Kf3 f5 1/2-1/2

[Event "EU-ch 5th"]
[Site "Antalya"]
[Date "2004.05.27"]
[Round "11"]
[White "Yildiz Kadioglu, Betul Cemre"]
[Black "Demirel, Tolga"]
[Result "1/2-1/2"]
[WhiteElo "2108"]
[BlackElo "2183"]
[PlyCount "118"]
[EventDate "2004.05.15"]
[EventType "swiss"]
[EventRounds "13"]
[EventCountry "TUR"]
[SourceTitle "CBM 101"]
[Source "ChessBase"]
[SourceDate "2004.07.27"]
[SourceVersion "1"]
[SourceVersionDate "2004.07.27"]
[SourceQuality "1"]

1. d4 d5 2. Nf3 e6 3. e3 f5 4. Ne5 Nf6 5. Bd3 Be7 6. Nd2 0-0 7. 0-0 Bd7 8. c4 c6 9. b3 Be8 10. Bb2 Ne4 11. f3 Nxd2 12. Qxd2 Nd7 13. Nxd7 Qxd7 14. e4 fxe4 15. fxe4 Bg6 16. exd5 exd5 17. Bxg6 hxg6 18. Qd3 Rf5 19. Rae1 Bd6 20. cxd5 cxd5 21. Rxf5 Qxf5 22. Qe2 Rf8 23. g3 Kh7 24. Rf1 Qh5 25. Qxh5+ gxh5 26. Rxf8 Bxf8 27. Kf2 Kg6 28. Kf3 Kf5 29. Bc3 g5 30. h3 g4+ 31. hxg4+ hxg4+ 32. Ke3 Bh6+ 33. Kd3 Bc1 34. Bb4 Ke6 35. Bd2 Ba3 36. Ke3 Bd6 37. Be1 Kd7 38. Kd3 Kc6 39. Bf2 Kb5 40. Be1 a6 41. a4+ Kc6 42. b4 Kd7 43. Ke3 Ke6 44. Kd3 Kf5 45. Ke3 Be7 46. Kd3 Bg5 47. Bf2 Bc1 48. Be3 Ba3 49. Bd2 Bb2 50. Be3 b5 51. axb5 axb5 52. Bf2 Ba3 53. Be1 Bc1 54. Bf2 Bg5 55. Be3 Be7 56. Bd2 Bd6 57. Be1 Ke6 58. Ke3 Kf6 59. Ke2 Kf5 1/2-1/2

[Event "EU-ch 5th"]
[Site "Antalya"]
[Date "2004.05.25"]
[Round "10"]
[White "Makolli, Perparim"]
[Black "Demirel, Tolga"]
[Result "1/2-1/2"]
[WhiteElo "2228"]
[BlackElo "2183"]
[PlyCount "103"]
[EventDate "2004.05.15"]
[EventType "swiss"]
[EventRounds "13"]
[EventCountry "TUR"]
[SourceTitle "CBM 101"]
[Source "ChessBase"]
[SourceDate "2004.07.27"]
[SourceVersion "1"]
[SourceVersionDate "2004.07.27"]
[SourceQuality "1"]

1. e4 e5 2. Nf3 Nc6 3. Bb5 Nf6 4. d3 d6 5. h3 g6 6. c3 Bg7 7. 0-0 0-0 8. Re1 Bd7 9. d4 Qe8 10. Bd3 Nh5 11. dxe5 dxe5 12. Be3 b6 13. b4 Rd8 14. a4 Nf4 15. Bxf4 exf4 16. Ra2 Ne5 17. Nxe5 Qxe5 18. Rd2 f3 19. Qxf3 Bxa4 20. Ra2 b5 21. Qe3 Rd7 22. Be2 Rfd8 23. Rc1 Bf8 24. Nd2 c5 25. Nf3 Qe6 26. c4 cxb4 27. Ng5 Qe5 28. Nf3 Qb8 29. cxb5 Bxb5 30. Bxb5 Qxb5 31. Rxa7 Rd1+ 32. Ne1 Rxc1 33. Qxc1 Qe2 34. Qe3 Qxe3 35. fxe3 Bc5 36. Rb7 Bxe3+ 37. Kf1 Rd2 38. Nf3 Rb2 39. Ke1 f6 40. e5 fxe5 41. Nxe5 Rxg2 42. Rxb4 Rh2 43. Rb8+ Kg7 44. Rb7+ Kg8 45. Rb8+ Kg7 46. Rb7+ Kf8 47. Rxh7 Kg8 48. Rd7 g5 49. Ng4 Rxh3 50. Nxe3 Rxe3+ 51. Kf2 Re5 52. Kg3 1/2-1/2

[Event "EU-ch 5th"]
[Site "Antalya"]
[Date "2004.05.22"]
[Round "7"]
[White "Erdogan, Hakan"]
[Black "Demirel, Tolga"]
[Result "0-1"]
[WhiteElo "2252"]
[BlackElo "2183"]
[PlyCount "50"]
[EventDate "2004.05.15"]
[EventType "swiss"]
[EventRounds "13"]
[EventCountry "TUR"]
[SourceTitle "CBM 101"]
[Source "ChessBase"]
[SourceDate "2004.07.27"]
[SourceVersion "1"]
[SourceVersionDate "2004.07.27"]
[SourceQuality "1"]

1. d4 d5 2. c4 e6 3. Nc3 Bb4 4. a3 Bxc3+ 5. bxc3 Nf6 6. Nf3 c5 7. e3 Qc7 8. Nd2 0-0 9. Bd3 b6 10. cxd5 exd5 11. 0-0 Ba6 12. Bxa6 Nxa6 13. Bb2 c4 14. f3 Rfe8 15. Qe2 Qc6 16. Rfe1 Nc7 17. e4 dxe4 18. fxe4 Nxe4 19. Qxc4 Qxc4 20. Nxc4 Nd5 21. Rac1 b5 22. Ne5 Nd6 23. Nd3 Nc4 24. Kf2 Kf8 25. Rc2 Rxe1 0-1

[Event "TUR-ch"]
[Site "Kusadasi"]
[Date "2004.03.06"]
[Round "10"]
[White "Demirel, Tolga"]
[Black "Acuner, Emrah"]
[Result "1-0"]
[WhiteElo "2183"]
[BlackElo "1878"]
[PlyCount "105"]
[EventDate "2004.02.28"]
[EventType "swiss"]
[EventRounds "12"]
[EventCountry "TUR"]
[SourceTitle "CBM 099 Extra"]
[Source "ChessBase"]
[SourceDate "2004.05.04"]
[SourceVersion "1"]
[SourceVersionDate "2004.05.04"]
[SourceQuality "1"]

1. d4 Nf6 2. c4 e6 3. Nf3 b6 4. a3 Bb7 5. Nc3 d6 6. d5 e5 7. e4 Nbd7 8. b4 g6 9. g3 Bg7 10. Bg2 0-0 11. 0-0 Qe7 12. Qc2 c5 13. dxc6 Bxc6 14. Rd1 Rfd8 15. h3 Ne8 16. Be3 Rac8 17. Qd3 Nf8 18. Rac1 Ne6 19. Kh2 Bf8 20. Nd5 Bxd5 21. cxd5 N6g7 22. Qa6 Rc7 23. Rc6 Rb7 24. Rdc1 Rdb8 25. Qc4 Qd8 26. h4 f5 27. Bh3 Qf6 28. Qc2 Be7 29. Rc8 Qf7 30. Bf1 Bf6 31. Rc6 Qe7 32. Ba6 Rd7 33. Bc8 Rd8 34. exf5 e4 35. Ng5 gxf5 36. Ne6 Nxe6 37. Bxe6+ Kh8 38. Bxf5 Bxh4 39. Qxe4 Qxe4 40. Bxe4 Bf6 41. a4 Bg7 42. Bf5 Nf6 43. Be6 h6 44. b5 Ne4 45. Rc7 Rf8 46. Rxa7 Nc5 47. Rc4 Rfe8 48. Rxg7 Kxg7 49. Rg4+ Kh7 50. Bf5+ Kh8 51. Bd4+ Re5 52. f4 Rf8 53. fxe5 1-0

[Event "Balkan-ch"]
[Site "Istanbul"]
[Date "2002.12.11"]
[Round "2"]
[White "Rusev, Krasimir"]
[Black "Demirel, Tolga"]
[Result "1-0"]
[WhiteElo "2297"]
[BlackElo "2202"]
[PlyCount "113"]
[EventDate "2002.12.10"]
[EventType "swiss"]
[EventRounds "9"]
[EventCountry "TUR"]
[SourceTitle "CBM 091 Extra"]
[Source "ChessBase"]
[SourceDate "2003.01.09"]
[SourceVersion "1"]
[SourceVersionDate "2003.01.09"]
[SourceQuality "1"]

1. d4 d5 2. c4 c6 3. Bf4 a6 4. e3 Nf6 5. Nc3 Bf5 6. Qb3 b5 7. cxb5 cxb5 8. a4 Qa5 9. Rc1 b4 10. Na2 Nbd7 11. Bc7 Nb6 12. Qxb4 Qxb4+ 13. Nxb4 Nxa4 14. b3 Nb2 15. Nxa6 Nd3+ 16. Bxd3 Bxd3 17. Nc5 Bb5 18. Ne2 e6 19. Nc3 Bxc5 20. dxc5 Kd7 21. Nxb5 Kc6 22. Nd4+ Kxc7 23. b4 e5 24. Nb5+ Kc6 25. Nd6 Rhb8 26. b5+ Rxb5 27. Nxb5 Kxb5 28. 0-0 Rc8 29. Rc2 Kc6 30. Ra1 Rc7 31. Ra6+ Kd7 32. f3 Ke7 33. Kf1 g5 34. Ke2 e4 35. fxe4 Nxe4 36. Rh6 Rxc5 37. Rxc5 Nxc5 38. Rxh7 Ke6 39. Rh8 Ke5 40. Re8+ Ne6 41. Kd3 f5 42. h3 Kd6 43. g3 Nc5+ 44. Ke2 Ne4 45. Kf3 Nd2+ 46. Kg2 Ne4 47. h4 gxh4 48. gxh4 Nf6 49. Ra8 Ke5 50. Kf3 Nd7 51. Ra6 Nc5 52. Rg6 Nd7 53. h5 Nf8 54. Rg8 Nh7 55. h6 Kf6 56. Kf4 Ke6 57. Rg6+ 1-0

[Event "Izmir GP op"]
[Site "Izmir"]
[Date "2002.09.04"]
[Round "8"]
[White "Shanava, Konstantine"]
[Black "Demirel, Tolga"]
[Result "1-0"]
[WhiteElo "2401"]
[BlackElo "2166"]
[PlyCount "57"]
[EventDate "2002.08.28"]
[EventType "swiss"]
[EventRounds "9"]
[EventCountry "TUR"]
[SourceTitle "CBM 090 Extra"]
[Source "ChessBase"]
[SourceDate "2002.11.07"]
[SourceVersion "1"]
[SourceVersionDate "2002.11.07"]
[SourceQuality "1"]

1. e4 c5 2. Nf3 d6 3. d4 cxd4 4. Nxd4 Nf6 5. Nc3 Nc6 6. Bc4 Qb6 7. Nb3 e6 8. Be3 Qc7 9. 0-0 Be7 10. Bd3 a6 11. f4 b5 12. Qf3 Bb7 13. a3 Na5 14. Nxa5 Qxa5 15. Qh3 Rc8 16. Bd4 b4 17. axb4 Qc7 18. b5 axb5 19. Nxb5 Qd8 20. e5 dxe5 21. fxe5 Nd7 22. Nd6+ Bxd6 23. exd6 Nf6 24. Qg3 Kf8 25. Ra7 Bd5 26. d7 Ra8 27. Rxa8 Bxa8 28. Qd6+ Kg8 29. Rxf6 1-0